Synergia inovačných aktivít, znalostného manažérstva a environmentálneho prístupu
Definovanie pojmov inovácie, inovačné manažérstvo, znalostné manažérstvo. Environmentálne manažérstvo. Budúcnosť úspechu podnikateľského subjektu, bude významne závisieť od optimálnej synergie troch významných pilierov budúcnosti - aktivít inovačného, znalostného a environmentálneho manažérstva.
Uložené v:
| Hlavný autor: | |
|---|---|
| Médium: | Kapitola |
| Jazyk: | Slovak |
| Predmet: | |
| Tagy: |
Žiadne tagy, Buďte prvý, kto otaguje tento záznam!
|
MARC
| LEADER | 00000nla$a2200000$$$4500 | ||
|---|---|---|---|
| 001 | 0056694 | ||
| 005 | 20240502071636.6 | ||
| 041 | 0 | |a slo | |
| 044 | |a SK | ||
| 245 | 1 | 0 | |a Synergia inovačných aktivít, znalostného manažérstva a environmentálneho prístupu |c Pavol Molnár |
| 520 | |a Definovanie pojmov inovácie, inovačné manažérstvo, znalostné manažérstvo. Environmentálne manažérstvo. Budúcnosť úspechu podnikateľského subjektu, bude významne závisieť od optimálnej synergie troch významných pilierov budúcnosti - aktivít inovačného, znalostného a environmentálneho manažérstva. | ||
| 610 | 2 | 0 | |a inovácia |
| 610 | 2 | 0 | |a vedomosti |
| 610 | 2 | 0 | |a manažment |
| 610 | 2 | 0 | |a manažment inovačný |
| 610 | 2 | 0 | |a prostredie životné |
| 610 | 2 | 0 | |a synergia |
| 610 | 2 | 0 | |a učiaca sa organizácia |
| 100 | 1 | |a Molnár, Pavol | |